000 00359nam a2200121 4500
999 _c10603
_d10603
008 180907b ||||| |||| 00| 0 eng d
100 _931018
_aRemo, Amy R.
245 _aRemove investment barriers, PH urged/
_cAmy R. Remo
260 _aPhilippines
_bPhilippine Daily Inquirer
_cc2016
300 _apage B5.
650 0 _931019
_aInvestments.
942 _2ddc
_cPER